| 000 | 01098nam a2200313Ia 4500 | ||
|---|---|---|---|
| 003 | OSt | ||
| 005 | 20221006160342.0 | ||
| 006 | a|||||r|||| 00| 0 | ||
| 007 | ta | ||
| 008 | 221006b |||||||| |||| 00| 0 eng d | ||
| 020 |
_a9788132113126 _c795.00 |
||
| 024 | _a45,024 | ||
| 037 |
_b83/2013-14, 30/01/2014, Pioneer Book Distributer _cTextual |
||
| 040 |
_aEASL _cEASL _beng |
||
| 041 |
_2eng _aeng |
||
| 082 | _aA.41.P12, Q3 | ||
| 100 |
_aRasgotra Maharajakrishna Ed. _938401 |
||
| 245 | 0 |
_aScience and tecnology in China _b Implications and lessons for India |
|
| 260 |
_aNew Delhi _bSage Publication India _c2013 |
||
| 300 |
_a282p. _ccm. |
||
| 490 | _v CEL | ||
| 650 |
_a Technological forcasting-Indi _9672999 |
||
| 650 |
_a Technology indicators-China _9673000 |
||
| 650 |
_a Technology indicators-India _9673001 |
||
| 650 |
_a Tecnology and state-China _9673002 |
||
| 650 |
_aScience and state-China _9673003 |
||
| 942 |
_hA.41.P12, Q3 _cTEXL _2CC |
||
| 999 |
_c1113116 _d1113116 |
||